Hamlet /

Guardado en:
Autor Principal: Shakespeare, William
Otros Autores: Fernández de Moratin, L., trad., Guerrero Zamora, pról.
Formato: Libro
Publicado: Navarra : Salvat, 1969
Series:Biblioteca Básica ; No. 7
Materias:
Etiquetas: Agregar Etiqueta
Sin Etiquetas, Sea el primero en etiquetar este registro!
LEADER 00888nam a22002535a 4500
001 CEM.cems005959
008 130507s1969##################000#0#####d
005 20241129132048.0
245 1 0 |a Hamlet /  |c William Shakespeare ; versión de L. Fernández de Moratin ; prólogo de Juan Guerrero Zamora 
260 |a Navarra :  |b Salvat,  |c 1969 
300 |a 172 p. 
490 0 |a Biblioteca Básica ; No. 7 
100 1 |a Shakespeare, William 
700 1 |a Fernández de Moratin, L., trad. 
700 1 |a Guerrero Zamora, pról. 
082 0 4 |a 822.3 
653 |a Literatura 
653 |a Literatura inglesa 
653 |a Teatro inglés 
653 |a Teatro 
653 |a Teatro isabelino 
859 |a CEMS  |b BIB. CEMS - 11 de abril  |h 822.3  |i Sh14-5  |p 7798.80  |t Ej.1 
859 |a CEMS  |b BIB. CEMS - 11 de abril  |h 822.3  |i Sh14-5  |p 13489.85  |t Ej.2 
859 |a CEMS  |b BIB. CEMS - 11 de abril  |h 822.3  |i Sh14-5  |p 7800.80  |t Ej.3